000 00945cam a22002413a 4500
001 18004
003 PGUSA
005 20140828083401.0
008 060316s2006||||xxu|||||s|||||000 | eng d
040 _aPGUSA
_beng
042 _adc
050 4 _aPS
100 1 _aAldrich, Mildred,
_d1853-1928
245 1 0 _aTold in a French Garden :
_bAugust, 1914
_h[electronic resource] /
_cMildred Aldrich
260 _bProject Gutenberg,
_c2006
505 0 _aIntroduction -- I. The Youngster's Story -- II. The Trained Nurse's Story -- III. The Critic's Story -- IV. The Doctor's Story -- V. The Sculptor's Story -- VI. The Divorcée's Story -- VII. The Lawyer's Story -- VIII. The Journalist's Story -- IX. The Violinist's Story -- X. Epilogue.
506 _aPublic domain in the USA.
516 _aElectronic text
653 _aShort stories
830 0 _aProject Gutenberg
_v18004
856 4 0 _uhttp://www.gutenberg.org/ebooks/18004
942 _cEB
999 _c247259
_d247259